00307nam a2200097Ia 4500008004100000100002800041245007900069260004400148300000600192490001100198201217s9999 xx 000 0 und d aHarvard Business Review 0aHarvard Business Review on Management : Classic Advice on Managing Systems aNew YorkbHarvard Business School Press a0 vVol. 2